Ergonomics tool kit : practical applications /

Bibliographic Details
Main Author: Burke, Mike, 1953-
Format: Book
Language:English
Published: Gaithersburg, Md. : Aspen Publishers, 1998.
Subjects:

MARC

Tag First Indicator Second Indicator Subfields
LEADER 00000cam a2200000 a 4500
001 in00001403432
005 20151020055520.0
008 970805s1998 mdua 001 0 eng
010 |a  97036248  
020 |a 0834210061 
035 |a (OCoLC)37464276 
035 |9 AHN4672AM 
040 |a DLC  |c DLC  |d TXA  |d UtOrBLW 
049 |a TXAM 
050 0 0 |a TA166  |b .B893 1998 
082 0 0 |a 613.6/2  |2 21 
100 1 |a Burke, Mike,  |d 1953- 
245 1 0 |a Ergonomics tool kit :  |b practical applications /  |c Mike Burke. 
264 1 |a Gaithersburg, Md. :  |b Aspen Publishers,  |c 1998. 
300 |a xii, 212 pages :  |b illustrations ;  |c 28 cm. 
336 |a text  |b txt  |2 rdacontent 
337 |a unmediated  |b n  |2 rdamedia 
338 |a volume  |b nc  |2 rdacarrier 
500 |a Includes index. 
650 0 |a Human engineering. 
999 |a MARS 
999 f f |s cde27d99-1f86-32dd-8df5-63759b72bf87  |i b1fc80fd-a369-3108-a67f-d6a4b4c9dfed  |t 0 
952 f f |p ric  |a Texas A&M University  |b Rellis Campus  |c Joint Library Facility  |d Remote Storage  |t 0  |e TA166 .B893 1998  |h Library of Congress classification  |i unmediated -- volume  |m A14822133923 
998 f f |a TA166 .B893 1998  |t 0  |l Remote Storage